Statistics for Lord of the Rings Trivia (Hard)

Click here to take the quiz!

General Stats

  • This quiz has been taken 1,596 times
  • The average score is 8 of 15

Answer Stats

HintAnswer% Correct
Lord of LothlórienCeleborn
92%
Isildur cut the Ring from Sauron's hand during the ... AgeSecond
83%
How many days does the journey from Edoras to Minas Tirith take as a Nazgûl flies3
73%
Gandalf's swordGlamdring
65%
The people of Rohan are called the ...Rohirrim
64%
Isildur's fatherElendil
58%
The lair of the Witch-King of AngmarMinas Morgul
57%
The last name of the owner of The Prancing PonyButterbur
52%
Rescued Gandalf when he was held captive by SarumanGwaihir
52%
Shadowfax is the chief of the ...Mearas
41%
The name that the second 'R' in Tolkien's initials stands fofReuel
36%
What type of elf is Legolas?Sindar
30%
An alias of ElrondHalf-Elven
26%
Tom Bombadil's ponyFatty Lumpkin
18%
The father of Roäc the ravenCarc
9%

Score Distribution

Percentile by Number Answered

Percent of People with Each Score

Your Score History

You have not taken this quiz